Logo BPK

Bibliografia Prac Pracowników

Politechniki Koszalińskiej

Związki chromu w osadach ściekowych z przemysłu garbarskiego / (Rekord nr 7865)

Szczegóły MARC
000 -ETYKIETA REKORDU
podpole kontrolne o stałej długości 01034naa a22001937i 4500
003 - IDENTYFIKATOR NUMERU KONTROLNEGO REKORDU
podpole kontrolne KOSZ 005
005 - DATA OSTATNIEJ MODYFIKACJI REKORDU
podpole kontrolne 20171214134702.0
008 - POLE O STAŁEJ DŁUGOŚCI - DANE KONTROLNE
podpole kontrolne o stałej długości 160308s2009 a|||f| ||||1|| 0 eng d
035 ## - NUMER SYSTEMOWY
Numer systemowy przejętego rekordu PBN-R:251779
040 ## - ŹRÓDŁO KATALOGOWANIA
Instytucja, która utworzyła rekord KOSZ 005/md
Instytucja, która sporządziła opis PBN-ID
Instytucja, która dokonała modyfikacji KOSZ 005/HR
041 0# - KOD JĘZYKA
Kod języka tekstu eng
100 1# - NAZWA OSOBOWA
Nazwa osobowa SZYMAŃSKI, Kazimierz.
Lata pracy 1996 - .
Instytucja Politechnika Koszalińska - Wydział Budownictwa i Inżynierii Środowiska,
Wydział Katedra Gospodarki Odpadami
245 10 - TYTUŁ/ODPOWIEDZIALNOŚĆ
Tytuł Związki chromu w osadach ściekowych z przemysłu garbarskiego /
Pozostałe elementy strefy tytułu i oznaczenia odpowiedzialności Kazimierz Szymański.
650 #0 - HASŁO PRZEDMIOTOWE W FORMIE NAZWY OGÓLNEJ LUB JEDNOSTKOWEJ
Nazwa ogólna lub geograficzna Inżynieria środowiska.
655 #0 - TERMIN INDEKSOWY - OKREŚLENIE RODZAJU/FORMY DOKUMENTU
Określnie rodzaju/formy dokumentu Materiały konferencyjne.
711 22 - HASŁO DODATKOWE - NAZWA IMPREZY
Nazwa imprezy Kongres Inżynierii Środowiska
Oznaczenie części/sekcji dzieła (3 ;
Data imprezy 2009 ;
Miejsce imprezy Lublin, Polska).
773 0# - TYTUŁ DOKUMENTU MACIERZYSTEGO
Wyrażenie wprowadzające W:
Tytuł Polska inżynieria środowiska pięć lat po wstąpieniu do Unii Europejskiej. T. 3 / pod red. Marzenny R. Dudzińskiej, Lucjana Pawłowskiego. -
Adres wydawniczy Lublin : Komitet Inżynierii Środowiska PAN, 2009. -
Strefa serii Monografie - Polska Akademia Nauk. Komitetu Inzynierii Środowiska ; nr 60
ISBN 9788389293831
942 ## - HASŁO DODATKOWE - ELEMENTY(KOHA)
Typ dokumentu Rozdział
Schemat klasyfikacji Uniwersalna klasyfikacja dziesiętna

Brak dostępnych egzemplarzy.

© 2014 Biblioteka Politechniki Koszalińskiej :: BIBLIOGRAFIA PRAC PRACOWNIKÓW